Υπερρεαλισμός

Αποθηκεύτηκε σε:
Λεπτομέρειες βιβλιογραφικής εγγραφής
Κύριος συγγραφέας: Robinson, Michael, 1950-
Άλλοι συγγραφείς: Roberts, Donna (Συγγραφέας εισαγωγής κ.λπ.)
Μορφή: Βιβλίο
Γλώσσα:Greek
English
Δημοσίευση: Αθήνα : Γνώση, [2007]
Σειρά:Αριστουργήματα της τέχνης
Θέματα:
Ετικέτες: Προσθήκη ετικέτας
Δεν υπάρχουν, Καταχωρήστε ετικέτα πρώτοι!

MARC

LEADER 00000cam a2200000 i 4500
001 1/33538
008 130731s2007 gr | ||| |||| ||gre||
020 |a 9789602357583 
035 |l 10115110 
040 |a GR-MyUa  |b gre  |e AACR2 
041 1 |a gre  |h eng 
082 7 |a 709.04063   |2 (22) 
100 1 |a Robinson, Michael,   |d 1950- 
245 1 0 |a Υπερρεαλισμός /   |c Michael Robinson ; πρόλογος: Donna Roberts. 
260 |a Αθήνα :   |b Γνώση,   |c [2007] 
300 |a 384 σ. :   |b έγχρ. εικ. ;   |c 16 εκ. 
490 1 |a (Αριστουργήματα της τέχνης) 
504 |a Βιβλιογραφία: σ. 379. Ευρετήριο. 
650 0 0 |a Surrealism. 
700 1 |a Roberts, Donna,  |e aui 
830 0 |a Αριστουργήματα της τέχνης 
852 |a INST  |b SYROS  |e 20130731  |h 709.04063 ROB  |p 005500010950  |q 005500010950  |t BK  |y 0 
901 |a BIBL5-2013-1 
922 |a 5ΕΛΗ  |b 201306  |c ΒΙΒΛΙΟΘΗΚΗ ΣΥΡΟΥ  |d Π. ΙΩΑΝΝΙΔΟΥ 
970 |a ΚΟΝΤΟΥ  |b ΠΑΡΑΣΚΕΥΗ  |z 2013/07/31